| 000 | 00693nam a2200181Ia 4500 | ||
|---|---|---|---|
| 008 | 100921s9999 xx 000 0 und d | ||
| 082 |
_b39480 _a891.463 न 04 |
||
| 100 | _aतिबिले अनंत. | ||
| 245 | _aशिकस्त( छ.राजाराम). | ||
| 260 |
_bपार्टनर प्रकाशन, मुंबई. _c2004 |
||
| 300 |
_a144 _bकलाभारती वितरण,पुणे |
||
| 365 | _b135 | ||
| 520 | _aललित-कादंबरी. | ||
| 630 | _aशिकस्त( छ.राजाराम). | ||
| 650 | _aललित-कादंबरी. | ||
| 730 | _aशिकस्त( छ.राजाराम). | ||
| 942 | _cBOOK | ||
| 999 |
_c788593 _d788590 |
||